000 00711nam a2200181 a 4500
003 0
005 20250516145115.0
008 030519s19uu xx 00 eng d
050 _aPHS SB 205.M85
_b.J63 2003
100 _aJoaquin, Aldo Lorenzo
245 _aThe Effects of varying amount of organic matter on the growth and development of mongo bean (Vigna radiata) /
_cAldo Lorenzo T. Joaquin.
260 _aLas PiƱas City, Philippines :
_bSouthville International School and Colleges,
_c2003.
300 _a31 pages :
_billustrations ;
_c28 cm.
504 _aIncludes bibliographical references.
650 _aMung bean
_xGrowth.
650 _aMung bean
_xEffect of organic fertilizers on.
942 _2lcc
_cPASS
999 _c96792
_d96792